000 00494nam a2200193 a 4500
001 1769943200880
003 YourLibrary
005 20260201164118.0
008 260201s1996##################000#0#eng##
020 _a9780415024471
082 0 4 _a302.23
_bNIG
100 1 _aNightingale, Virginia,
_eauthor.
245 1 0 _aStudying Audiences :
260 _bPsychology Press,
_c1996.
300 _a194 pages
650 0 _aHistory.
942 _cENGLISH
040 _aYourLibrary
_beng
_cYourLibrary
999 _c609893
_d609893